000
00318nam a22001457a 4500
008
211011b ||||| |||| 00| 0 eng d
020
_a
0155272810
041
_a
eng
080
_a
821
082
_a
821
100
_a
21
101
_a
GJL
245
_a
Fiction as Experience An Anthology
_c
Howe,I
942
_2
udc
_c
BK
999
_c
58135
_d
58135